LDR 00791naa#a2200157#i#450# 001 RU\\bibl\120375 005 20260414004844.2 011 ## _a2782-4799 100 ## _a20260410b2026####ek#y0rusy0150####ca 102 ## _aRU 200 1# _aВлияние социально-демографических факторов на эмоциональное восприятие текста цифровой коммуникации: опыт экспериментального исследования _eЖурнальная статья 210 1# _aКемерово _cКемеровский государственный университет _d2026 215 ## _a8 с. 608 ## _aЖурнальная статья _2local 700 #1 _aГерцен _gАлександр Сергеевич 856 4# _ajcenter.kemsu.ru _u